000 00475nam a2200157 i 4500
001 57511
003 ES-MaACL
005 20230906163607.0
007 t|
008 031016s1970 sp ||||1| spa d
100 1 _aDomingo Sanjuan, Pedro.
_945147
245 1 0 _aTurró, hombre de Ciencia mediterráneo /
_cPedro Domingo Sanjuan.
260 _aBarcelona :
_bPáortic,
_c[1970] (
_fTall. Ibero-Americanos)
300 _a382 p. ;
_c23 cm.
852 _aES-MaACL
_jC-38217
_bR.75861
999 _c57511
_d57511